| 000 | 00584nam a22002057a 4500 | ||
|---|---|---|---|
| 999 |
_c2815 _d2815 |
||
| 003 | AR-CdUCM | ||
| 008 | 190305b ||||| |||| 00| 0 spa d | ||
| 040 |
_aMUNICIPALIDAD PROVINCIAL DEL CUSCO _cBIBLIOTECA MUNICIPAL DEL CUSCO |
||
| 041 | _heng | ||
| 082 |
_a810.8 / _bR87 |
||
| 100 |
_aRovit, Earl _99804 |
||
| 245 | _aErnest Hemingway / | ||
| 260 |
_aBuenos Aires : _bCompañia General Fabril Editora, _c1971. |
||
| 300 |
_a243 páginas ; _c19 cm. |
||
| 650 |
_aNovela _95 |
||
| 650 |
_aLiteratura _983 |
||
| 650 |
_aEstudio de obra _99805 |
||
| 942 |
_2ddc _cLIBROS |
||
| 945 | _admma | ||